000 00562nam a2200169Ia 4500
003 GCL
008 140319s9999 xx 000 0 ara d
040 _aGCL /
_cGCL
082 0 4 _aق
_b320.9
_bا ح
100 1 _aاحمد حمدى امام
245 1 0 _aحتى تعود الشمس نحو بعث مصر الحضارة /
_cاحمد حمدى امام
300 _a202 ص ؛
_c24 سم
650 0 4 _aالاحوال الثقافية
650 0 4 _aالاصلاح الادارى
650 0 4 _aالتعليم - اغراضه واهدافه - مصر
942 _2ddc
_cBK
999 _c57667
_d57667